| 000 | 00426nam a22001217a 4500 | ||
|---|---|---|---|
| 082 | _a220 PRO | ||
| 100 |
_aNC ABDUL HAMEED MASHAL NC MARYAM HASSAN NC SHANZA GUL _970678 |
||
| 245 | _aPR-SOF-1852-EXOSKELETON FOR POST STROKE MOTOR RECOVERY OF THE HUMAN HAND | ||
| 260 |
_aISLAMABAD _bNUST COLLEGE OF EME _c2019 |
||
| 650 |
_a DE-COMP-37 _970679 |
||
| 700 |
_a SUPERVISOR DR USMAN AKRAM DR SAJID GUL KHAWAJA _970680 |
||
| 942 | _cCR | ||
| 999 |
_c577594 _d577594 |
||